|
|
|
|
| LEADER |
00962cam a2200253 a 4500 |
| 001 |
0000098160 |
| 005 |
20080721090000.0 |
| 040 |
|
|
|a mod
|
| 041 |
|
|
|a eng
|
| 020 |
|
|
|a 9789679501810
|
| 090 |
0 |
0 |
|a 621.31924
|b MDN
|e 2007
|
| 100 |
1 |
|
|a Md. Nasir Hj. Abd Manan
|f Hj
|
| 245 |
1 |
0 |
|a Panduan pendawaian elektrik domestik
|b I. E. E. edisi 16 BS7671:1992 pindaan 1997
|c Hj. Md. Nasir Hj. Abd Manan
|
| 250 |
|
|
|a 3th ed
|
| 260 |
|
|
|a Petaling Jaya
|b IBS Buku
|c 2007
|
| 300 |
|
|
|a 265 p.
|b ill.
|c 24 cm
|
| 490 |
0 |
|
|a Siri teras biasa
|
| 500 |
|
|
|a Includes index
|
| 650 |
0 |
0 |
|a Electric wiring, Interior
|x Amatuer's manuals
|
| 650 |
0 |
0 |
|a Electric wiring
|x Handbook, manuals, etc
|
| 999 |
|
|
|a 0268969
|b SPPTD
|d BOOKS
|e Umum
|f SPPTD
|j AVAILABLE
|q GOOD CONDITION
|
| 999 |
|
|
|a 0268970
|b SPPTD
|d BOOKS
|e Umum
|f SPPTD
|j AVAILABLE
|q GOOD CONDITION
|
| 999 |
|
|
|a 0269145
|b PULNORD
|d BOOKS
|e Umum
|f PULNORD
|j AVAILABLE
|q GOOD CONDITION
|
| 999 |
|
|
|a B000001500
|b SPPTD
|d BOOKS
|e Umum
|f SPPTD
|j AVAILABLE
|q GOOD CONDITION
|